000 00420nam a2200169Ia 4500
008 140306s9999 xx 000 0 und d
020 _a0907108458
041 _aeng
082 _a362.5
_bJON/RU
100 _aJones, Steve
245 _aRural poverty and agrarian reform
260 _aNew Delhi
_bAllied Publishers Pvt. Ltd
_c1982
300 _a384
365 _bRs.170
700 _aJoshi, P C
942 _2ddc
_cBK
999 _c178392
_d178392